|
|
|
|
| LEADER |
00000nam a2200000 a 4500 |
| 001 |
vtls008300278 |
| 003 |
SK-MaSNL |
| 005 |
20260425230313.0 |
| 008 |
240315s2005 xo ol g 000 0bslo |
| 015 |
|
|
|a SNBA2005/12-04948
|
| 020 |
|
|
|a 808890370X
|q (viaz.)
|
| 035 |
|
|
|a CCBFC1CC-AF8E-4752-B459-984E8C1A37EA
|
| 035 |
|
|
|a urn:nbn:sk:snk-aml2yd
|
| 035 |
|
|
|a urn:nbn:sk:snk-am008lgu
|
| 040 |
|
|
|a SNK
|b slo
|c SNK
|e AACR2
|
| 041 |
0 |
|
|a slo
|b eng
|b ger
|
| 043 |
|
|
|a e-xo---
|
| 044 |
|
|
|a xo
|c SK
|
| 072 |
|
7 |
|a 929
|x Biografie
|2 konspekt
|
| 072 |
|
7 |
|a 78.07
|x Hudobníci, skladatelia a iné hudobné povolania
|2 konspekt
|
| 080 |
|
|
|a 78.071.2
|2 MDT-MRF
|
| 080 |
|
|
|a (437.6)
|2 MDT-MRF
|
| 080 |
|
|
|a (092)
|2 MDT-MRF
|
| 080 |
|
|
|a (048.8)
|2 MDT-MRF
|
| 080 |
|
|
|a 78.071.1
|2 MDT-MRF
|
| 100 |
1 |
|
|a Füssyová, Gabriela
|4 aut
|9 421560
|
| 245 |
1 |
0 |
|a A z tváre myseľ žiari-
|c Gabriela Füssyová
|
| 250 |
|
|
|a [1. vyd.]
|
| 260 |
|
|
|a Kežmarok
|b ViViT
|c 2005
|
| 300 |
|
|
|a 87 s.
|b fotogr., noty
|c 21 cm
|
| 500 |
|
|
|a Fotogr. na tit. strane
|
| 504 |
|
|
|a Obsahuje bibliografiu
|
| 546 |
|
|
|a Res. angl., nem.
|
| 600 |
1 |
7 |
|a Valach, Ján,
|d 1925-2019
|2 SNKMA
|9 48838
|
| 650 |
0 |
7 |
|a hudobní skladatelia
|2 SNKPH
|9 3188
|
| 650 |
0 |
7 |
|a organisti
|2 SNKPH
|9 86095
|
| 650 |
0 |
7 |
|a dirigenti
|2 SNKPH
|9 3192
|
| 651 |
|
7 |
|a Slovensko
|2 SNKPHgeo
|9 14231
|
| 655 |
|
7 |
|a biografie
|2 SNKPH
|9 27965
|
| 655 |
|
7 |
|a monografie
|2 SNKPH
|9 70139
|
| 919 |
|
|
|a 80-80903-70-X
|
| 958 |
|
|
|a OND
|
| 968 |
|
|
|d 78
|
| 999 |
|
|
|c 672091
|d 674021
|
| 952 |
|
|
|a SNK
|b SNK
|y PREZ
|7 0
|p 17A0484755
|o snkSC 121364
|i snk2005/16226
|8 0
|0 0
|1 0
|4 0
|d 2005-09-30
|f 1
|l 0
|r 2025-06-02 00:00:00
|w 2026-02-23
|
| 952 |
|
|
|a SNK
|b SNK
|y VYP
|7 0
|p 17A0484756
|o snkSC 121364 D1
|i snk2005/16227
|8 0
|0 0
|1 0
|4 0
|d 2005-09-30
|l 0
|r 2026-02-23 19:30:16
|w 2026-02-23
|